| 000 | 00694nam a2200217Ia 4500 | ||
|---|---|---|---|
| 003 | GCL | ||
| 008 | 140319s9999 xx 000 0 ara d | ||
| 040 |
_aGCL / _cGCL |
||
| 082 | 0 | 4 |
_aق _b327.62056 _bم م |
| 100 | 1 | _aمحسن عوض | |
| 245 | 1 | 0 |
_aمصر واسرائيل: خمس سنوات من التطبيع / _cمحسن عوض |
| 260 |
_a[S.N] : _bدار المستقبل العربى ، _c1984 |
||
| 300 | _a242 | ||
| 490 |
_aكنوز التراث العربى _v0 |
||
| 650 | 0 | 4 | _aمصر |
| 650 | 0 | 4 | _aالنزاع العربى الاسرائيلى |
| 650 | 0 | 4 | _aاتفاقيات كامب ديفيد |
| 650 | 0 | 4 | _aالصهيونية |
| 650 | 0 | 4 | _aاليهود |
| 942 |
_2ddc _cBK |
||
| 999 |
_c54223 _d54223 |
||